Las llanuras del tránsito

Gorde:
Xehetasun bibliografikoak
Egile nagusia: Auel, Jean M (Egilea)
Formatua: Liburua
Hizkuntza:gaztelania
Argitaratua: Cuernavaca Océano 2009
Edizioa:2a. ed
Saila:Los Hijos de la Tierra, 4
Gaiak:
Etiketak: Etiketa erantsi
Etiketarik gabe, Izan zaitez lehena erregistro honi etiketa jartzen!

MARC

LEADER 00000cam a2200000 a 4500
001 UCF0157
003 CL-VaPUC
008 120427e20090400MX |||||||||||||||||spa|d
020 |a 9789707773752 
082 0 4 |a 813  |b AUE  |2 21 
100 0 |a Auel, Jean M  |e author  |9 562017 
245 1 4 |a Las llanuras del tránsito 
250 |a 2a. ed 
300 |a 1015 p 
942 |c BK 
945 |d 20120427 00:00:00  |a dcastane 
260 |a Cuernavaca  |b Océano  |c 2009 
650 0 |a Novelas estadounidenses  |9 265217 
650 0 |a Literatura estadounidense  |9 317168 
650 0 |a Prehistoria  |9 316557 
583 |a last modification  |c 20120427 10:27:00  |k Rodrigo Vera 
490 0 |a Los Hijos de la Tierra, 4 
999 |c 347638  |d 347636 
952 |0 0  |1 0  |4 0  |6 813_000000000000000_AUE_2009  |7 0  |8 A  |9 449110  |a BIBING  |b BIBING  |d 2019-11-22  |i 4860594  |l 2  |o 813 AUE 2009  |p 4860594  |r 2025-01-20  |s 2024-07-01  |w 2019-11-22  |y BK  |k CUI